000 02879nam0a2200373 4500
001 RU\NLR\BIBL_A\012932450
005 20260408211009.0
010 _a978-5-00207-040-4
_9550
021 _aRU
_b2022-65935
_9КН-П-5721
035 _a(RuMoRGB)011236656
035 _a(NLR Aleph) 012932450
090 _a12678833
_c12678833
100 _a20221107d2022 |||y0rusy50 ca
101 0 _arus
102 _aRU
105 _aa z 000zy
181 0 _ai3
_baxxe
182 0 _an
200 1 _aФаббинг как социально-психологический феномен современного цифрового социума
_eмонография
_fАнна Яковлева
203 _aТекст
_bвизуальный
_cнепосредственный
210 _aСаратов
_cАмирит
_d2022
215 _a164 с.
_cил.
_d21
320 _aБиблиогр.: с. 131-147 (142 назв.) и в подстроч. примеч.
330 _aМонография посвящена одному из малоизученных современных социально-психологических феноменов, получившему название "фаббинг", под которым понимается акт пренебрежения кем-либо в социальной среде путем сосредоточения внимания на своем мобильном телефоне. В книге представлены социально-психологические аспекты данного явления. Особое внимание уделено теоретическому и эмпирическому анализу, а также освещены современные практики и способы снижения фаббинг-поведения. Монография адресована представителям научного сообщества, преподавателям, аспирантам, студентам, интересующимся проблемами социальной психологии. И, несомненно, будет полезна всем, поскольку к данному феномену склонен любой человек
606 1 _aINTERNET, глобальная информационная сеть
_xВлияние на межличностные отношения
_92500213
_3RU\NLR\AUTH\6601698459
606 _aСотовые телефоны
_xЭтические вопросы
_3RU\NLR\AUTH\6601601468
_92295156
686 1 _aЮ707.7
686 1 _aС550.353
686 1 _aС550.10
700 1 _7ca
_8rus
_aЯковлева
_bА. В.
_cпсихолог
_gАнна Валерьевна
_9252126
_3RU\NLR\AUTH\770252182
942 _cBOOK
980 _aNB